1945 1478 1675 1304 1126 1434 1231 1996 1810 1106 1119 1160 1539 1919 1171 1007 1475 1677 1753 1891 1614 1061 1698 1722 1386 1478 1664 1759 1413 1112 1202 1700 1606 1827 1357 1237 1042 1817 1355 1248 1366 1246 1364 1232 1682 1361 1464 1562 1437 1428 1106 1767 1964 1890 1121 1059 1863 1517 1310 1004 1093 1877 1427 1629 1828 1660 1723 1083 1008 1005 1111 1617 1371 1201 1884 1673 1571 1535 1989 1863 1220 1750 1948 1630 1808 1085 1701 1893 1837 1753 1299 1698 1976 1868 1396 1780 1252 1560 1363 BCNSPRNW ULIB Ver.6.0+V

เปลี่ยนเป็นภาษาไทย

Change to English
 แสดงรายละเอียดบรรณานุกรม
  กลับหน้าหลัก

Brief Record : Get Marc (ISO 2709) : E-mail record : QR code < ปิดหน้าต่าง
LEADER : 00000nam 2200000uu 4500
001    13399127137
003     ULIB
008    191017s2020||||th 000 0 tha d
020    ^a9780323568906
060    ^aWS200^bK63N^cVol.2
100    ^aKliegman, Robert M. and Geme, Joseph St.
245    ^aNelson Textbook of Pediatrics Vol.2
250    ^a21st ed
260    ^aPhiladelphia :^bElsevier,^c2020
300    ^a2040 pages;^b30 cm
650    ^aPediatrics
945    ^p3230^l0^i006327
999    ^aประนอม เกษจรัล
รายการนี้ยังไม่มีแท็ก
คุณยังไม่ได้ล็อกอิน คุณสามารถมีกิจกรรมร่วมกับเว็บไซต์ได้ แต่ต้องล็อกอินก่อน ::
  ล็อกอิน

รายการสื่อสารสนเทศ

ลำดับที่ ประเภท เลขเรียก/บาร์โค้ด สถานที่ สถานะ
1. วิทยาศาสตร์การแพทย์ และสุขภาพ
วิทยาศาสตร์การแพทย์ และสุขภาพ
WS200 K63N Vol.2 ฉ.1 
  Barcode: 006327
ห้องสมุดวิทยาเขตสวรรค์ประชารักษ์
►หนังสือทั่วไป
บนชั้น

รายการใกล้เคียง
    หัวเรื่อง [Pediatrics]

BibComment


ยังไม่เคยถูกคอมเมนท์

คอมเมนท์ทรัพยากรรายการนี้
  คอมเมนท์: Nelson Textbook ..


 Copyright 2026. Bcnsprnw @Library